00924 2200373 4500001002100000005001500021008000500036020002200041035002400063040001200087082001800099084001800117100001600135245005900151250001100210260003800221300003500259650002000294700001400314850001200328850001200340990001600352990001600368990001600384990001600400990001700416990001700433990001700450990001600467990001700483990001700500990001700517990001600534YOGYA00000000009984220140823124637 ind a978-979-3065-79-3 0010-101300000000738 aYOPDYOG 2[22]a899.223 a899.223 Ach P aAHMAD MUNIF aPerempuan Jogja/cAhmad Munif ; penyunting, Sholeh UG. aCet.1. aYogyakarta:bMara Pustaka,c2012. aix, 297 hlm.;c21 cm. (3 eks.) aFiksi Indonesia aSholeh UG aYOPDYOG aYOPDYOG a2818/B.2013 a2819/B.2013 a2820/B.2013 a2818/B.2013 a2818-PD/B.13 a2820-PD/B.13 a2820-PD/B.13 a2818/B.2013 a2820-PD/B.13 a2819-PD/B.13 a2820-PD/B.13 a2818/B.2013